Ciudades de España - Estadísticas

Estadísticas generales
  • Esta prueba ha sido intentada 240 veces
  • La puntuación promedio es 8 de 10
Estadísticas de respuestas
Hint Respuesta % Correcto
4. Madrid
100%
1. Barcelona
99%
8. Sevilla
96%
9. Valencia
95%
2. Bilbao
82%
5. Málaga
80%
10. Zaragoza
77%
6. Murcia
65%
7. Palma
51%
3. Las Palmas de Gran Canaria
29%
No se encontraron pruebas coincidentes
Distribución de puntuación
Porcentaje de gente con cada puntuación
Porcentaje por número respondido
Historial de tus puntuaciones
No has intentado esta prueba.